The making of microsoft (Record no. 162823)
[ view plain ]
| 000 -LEADER | |
|---|---|
| fixed length control field | 00362nam a2200145Ia 4500 |
| 008 - FIXED-LENGTH DATA ELEMENTS--GENERAL INFORMATION | |
| fixed length control field | 231217s9999 xx 000 0 und d |
| 041 ## - LANGUAGE CODE | |
| Language code of text/sound track or separate title | English |
| 082 ## - DEWEY DECIMAL CLASSIFICATION NUMBER | |
| Classification number | 001.642 ICH;2 `R' |
| 100 ## - MAIN ENTRY--PERSONAL NAME | |
| Personal name | Ichbiah, Daniel Knepper, Susan L |
| 245 #4 - TITLE STATEMENT | |
| Title | The making of microsoft |
| 260 ## - PUBLICATION, DISTRIBUTION, ETC. | |
| Date of publication, distribution, etc. | 1992 |
| Name of publisher, distributor, etc. | New Delhi : BPB, |
| 300 ## - PHYSICAL DESCRIPTION | |
| Extent | 304 |
| 650 ## - SUBJECT ADDED ENTRY--TOPICAL TERM | |
| Topical term or geographic name entry element | Microsoft |
| 942 ## - ADDED ENTRY ELEMENTS (KOHA) | |
| Koha item type | Books |
| Date last seen | Total checkouts | Full call number | Accession number | Cost, total (INR) price | Price effective from | Category | Lost status | Damaged status | Department | Withdrawn status | Home library | Current library | Shelving location | Entry date | Cost, normal purchase price | Grants | Billnumber | Billdate | Currency symbol | Conversion rate | Discount | Old discount | Vendor |
|---|---|---|---|---|---|---|---|---|---|---|---|---|---|---|---|---|---|---|---|---|---|---|---|
| 26/01/2024 | 001.642 ICH;2 `R' | 5732 | 165.75 | 26/01/2024 | Books | Central Library | Central Library | Central Library | Library Annex | 10/04/1993 | 195.00 | CS | 6266 | 20/10/1995 | RS | 1 | 29.25 | 15 | |||||
| 26/01/2024 | 001.642 ICH | 7903 | 76.50 | 26/01/2024 | Books | Central Library | Central Library | Central Library | 12/12/1995 | 90.00 | CS | 703 | 29/08/1998 | RS | 1 | 13.5 | 15 | Mega Books | |||||
| 26/01/2024 | 001.642 ICH;1 | 7972 | 76.50 | 26/01/2024 | Books | Central Library | Central Library | Central Library | 12/12/1995 | 90.00 | CS | 703 | 26/10/1998 | RS | 1 | 13.5 | 15 | Mega Books |
